000 00614cam a22002173a 4500
001 44286
003 PGUSA
005 20140828084018.0
008 131125s2013||||xxu|||||s|||||000 | eng d
040 _aPGUSA
_beng
042 _adc
100 1 _aCastle, Egerton,
_d1858-1920
245 1 0 _aIf Youth but Knew!
_h[electronic resource] /
_cEgerton Castle
260 _bProject Gutenberg,
_c2013
506 _aPublic domain in the USA.
516 _aElectronic text
700 1 _aSpeed, Lancelot,
_d1860-1931
830 0 _aProject Gutenberg
_v44286
856 4 0 _uhttp://www.gutenberg.org/ebooks/44286
942 _cEB
999 _c273537
_d273537